00529nam a2200169 a 450000100060000000300090000600800410001504000280005608200160008410000300010024500490013026000330017930000160021265000280022865000730025665000300032912775CO-ViMGA141112s2004 ck r 000 u spa d aCO-ViMGAbspacCO-ViMGA04a956.94 F7341 aFreilich, de Segal Alicia10aLegitima Defensa : bcomentarios - polemicas aVenezuela : bUrbina, c1984 a145p. : il.14aCOLECCIONES DE ESCRITOS14aJUDIOS - CONDICIONES PolíticaS Y SOCIALES - COLECCIONESDE ESCRITOS14aPERSECUSION DE LOS JUDIOS